000 00342nam a2200145Ia 4500
008 090124s9999 xx 000 0 und d
082 _b302893
245 _a क्ष
250 _a1
260 _bवाळींबे शरदचंद्र
_c1994
300 _a240
630 _a क्ष
730 _a क्ष
942 _cBOOK
999 _c192530
_d192530